MESTSKÁ KNIŽNICA GIRALTOVCE  - online katalóg 

Na veky vekov (Record no. 24090)

000 -NÁVESTIE
fixed length control field 01173cam a2200349 a 4500
001 - EVIDENČNÉ ČÍSLO ZÁZNAMU - Kontrolné číslo
control field vtls000460847
005 - DÁTUM A ČAS POSLEDNEJ TRANSAKCIE
control field 20251215130532.0
008 - ÚDAJE S PEVNOU DĹŽKOU – VŠEOBECNÉ INFORMÁCIE
fixed length control field 120612s20112012xo g 000 f slo d
020 ## - MEDZINÁRODNÉ ŠTANDARDNÉ ČÍSLO KNIHY (ISBN)
Medzinárodné štandardné číslo knihy (ISBN) 9788022215220
035 ## - Iný štandardný identifikátor
Iný štandardný identifikátor a000460847
040 ## - ZDROJ KATALOGIZÁCIE
Pôvodná katalogizujúca agentúra TTKJF
Jazyk katalogizácie slo
Prepisujúca agentúra UKB
Modifikujúca agentúra PPPK
-- SNK
Konvencie popisu AACR2
041 1# - KÓD JAZYKA
Kód jazyka textu/zvukovej stopy alebo samostatných nápisov slo
Kód jazyka originálu a/alebo sprostredkujúcich prekladov textu eng
044 ## - KÓD KRAJINY VYDAVATEĽA/PRODUCENTA
Kód krajiny MARC xo
Kód krajiny ISO SK
072 #7 - KÓD PREDMETOVEJ KATEGÓRIE
Kód predmetovej kategórie 821.111-3
Pododdiel kódu predmetovej kategórie Anglická próza, anglicky písaná
Zdroj konspekt
080 ## - ČÍSLO MEDZINÁRODNÉHO DESATINNÉHO TRIEDENIA (MDT)
Číslo Medzinárodného desatinného triedenia (MDT) 821.111(410.3)-31
Identifikátor vydania 2011
080 ## - ČÍSLO MEDZINÁRODNÉHO DESATINNÉHO TRIEDENIA (MDT)
Číslo Medzinárodného desatinného triedenia (MDT) (0:82-311.6)
Identifikátor vydania 2011
080 ## - ČÍSLO MEDZINÁRODNÉHO DESATINNÉHO TRIEDENIA (MDT)
Číslo Medzinárodného desatinného triedenia (MDT) (0:82-311.2)
Identifikátor vydania 2011
080 ## - ČÍSLO MEDZINÁRODNÉHO DESATINNÉHO TRIEDENIA (MDT)
Číslo Medzinárodného desatinného triedenia (MDT) (0.038)
Identifikátor vydania 2011
100 1# - OSOBNÉ MENÁ – VŠEOBECNÉ INFORMÁCIE
Osobné meno Follett, Ken,
Dátumy súvisiace s menom 1949-
-- 5351
240 10 - UNIFIKOVANÝ NÁZOV
Unifikovaný názov World without end.
Jazyk diela Slovensky
245 10 - NÁZOV
Názov Na veky vekov
Údaj o zodpovednosti atď. Ken Follett ; [z anglického originálu preložil Ján Kamenistý]
250 ## - ÚDAJ O PORADÍ VYDANIA
Údaj o poradí vydania 1. vyd.
260 ## - VYDAVATEĽSKÉ ÚDAJE, DISTRIBÚCIA ATĎ.
Miesto publikovania, distribúcie atď. Bratislava
Názov vydavateľa, distibútora atď. Tatran
Dátum publikovania, distribúcie atď. 2011
300 ## - FYZICKÝ POPIS
Rozsah 1022 s.
490 1# - EDÍCIA
Edícia LUK : knižnica svetových bestsellerov
Zväzok/sekvenčné označenie zv. 86
500 ## - VŠEOBECNÁ POZNÁMKA
Formátovaná poznámka o obsahu Pokrač. Pilierov zeme
655 #7 - INDEXAČNÝ TERMÍN – ŽÁNER/FORMA
Údaje o žánri/forme alebo termín, ktorý je prvok fazety waleské romány (anglicky)
Zdroj termínu UKBPH
-- 5358
655 #7 - INDEXAČNÝ TERMÍN – ŽÁNER/FORMA
Údaje o žánri/forme alebo termín, ktorý je prvok fazety historické romány
Zdroj termínu UKBPH
-- 1688
655 #7 - INDEXAČNÝ TERMÍN – ŽÁNER/FORMA
Údaje o žánri/forme alebo termín, ktorý je prvok fazety realistické romány
Zdroj termínu UKBPH
-- 5359
655 #7 - INDEXAČNÝ TERMÍN – ŽÁNER/FORMA
Údaje o žánri/forme alebo termín, ktorý je prvok fazety anglicky písané romány
Zdroj termínu UKBPH
-- 3616
700 1# - PRIDANÝ VSTUP – OSOBNÉ MENO
Osobné meno Kamenistý, Ján,
Dátumy súvisiace s menom 1941-
Kód roly trl
-- 5216
Holdings
Stav stiahnutia (Blokovanie) (Withrawn status) Stav straty Zdroj klasifikácie pre skladovanie Stav poškodenia (Damaged status) Nie pre výpožičky (Not for loan) Spôsob nadobudnutia (Collection code) Trvalé umiestnenie Aktuálne umiestnenie Dátum nadobudnutia Náklady, bežná kúpna cena Inventárne číslo (prírastkové číslo) Celkom výpožičky Full call number Čiarový kód Dátum posledného výskytu Dátum poslednej výpôžičky Cena s účinnosťou od Typ jednotky Koha
          Kúpa Mestská knižnica Giraltovce Mestská knižnica Giraltovce 2025-12-15 20.46 22459 1 B10975 B10975 2026-02-25 2026-02-11 2025-12-15 Krásna literatúra pre dospelých

Powered by Koha